00672nam a2200229 a 450000100100000000500170001000800410002702000150006804000250008308200150010810000240012324500350014725000110018226000270019330000210022049000140024150000340025583400140028904900090030395201130031299900170042500002210420200930011601.0100916s1978 sp r 000 |bspa d a8473390725 aDO-SdBNPbspacBNPHU axxxbL566q1 aLenin, V. I.94579710a¿Qué hacer? /cV. I. Lenin. a2a ed. aMadrid :bAkal,c1978. a210 p. ;c18 cm. aAkal;v16 aIncluye notas al pie página aAkal;v16 aBNGR 001050718MOaGRbGRcCTd2010-09-16iLF1l0oxxx L566qp22104-10r2020-06-25w2020-06-25y1ZNo se presta c21602d21602